ASOIAF Top Characters A-Z Quiz Stats

 Plays Quiz Updated Feb 19, 2016

Challenge
Share
Tweet
Embed
Score 0/72 Timer 16:00
11 Plays Today
Hint Answer % Correct
First name begins with AArya Stark
96.4%
First name begins with JJon Snow
92.3%
First name begins with BBran Stark
90.4%
First name begins with EEddard Stark
90.2%
First name begins with TTyrion Lannister
89.8%
First name begins with SSansa Stark
89.4%
First name begins with CCersei Lannister
89.4%
First name begins with CCatelyn Stark
88.4%
First name begins with DDaenerys Targaryen
86.9%
First name begins with JJaime Lannister
85%
First name begins with TTywin Lannister
84.8%
First name begins with RRobb Stark
83.5%
First name begins with RRobert Baratheon
82.7%
First name begins with PPetyr Baelish
77.9%
First name begins with JJoffrey Baratheon
77.8%
First name begins with VVarys
75.2%
First name begins with SStannis Baratheon
74.1%
First name begins with TTheon Greyjoy
72.2%
First name begins with SSamwell Tarly
69.8%
First name begins with DKhal Drogo
68.6%
First name begins with RRenly Baratheon
67.5%
First name begins with HHodor
66.1%
First name begins with BBrienne of Tarth
64.6%
First name begins with GGregor Clegane
64.2%
First name begins with LLoras Tyrell
64.2%
First name begins with WWalder Frey
63.7%
First name begins with WLittle Walder Frey
63.6%
First name begins with OOberyn Martell
63.5%
First name begins with MMargaery Tyrell
63.5%
First name begins with VViserys Targaryen
62.7%
First name begins with YYgritte
60.9%
First name begins with MMelisandre of Asshai
60.8%
First name begins with LLysa Tully
60.5%
First name begins with AAsha Greyjoy
59.5%
First name begins with AAemon Targaryen
56.2%
First name begins with DDavos Seaworth
56%
Hint Answer % Correct
First name begins with GGendry
52%
First name begins with MMance Rayder
49.5%
First name begins with OOsha
49%
First name begins with PMaester Pycelle
47.2%
First name begins with BBarristan Selmy
46.4%
First name begins with EEdmure Tully
46.2%
First name begins with EEuron Greyjoy
45.6%
First name begins with KKevan Lannister
43.9%
First name begins with PPodrick Payne
43.9%
First name begins with QQuentyn Martell
42.3%
First name begins with QQyburn
41.1%
First name begins with U, X, ZXaro Xhoan Daxos
41%
First name begins with GGilly
40.5%
First name begins with VVictarion Greyjoy
39.7%
First name begins with LMaester Luwin
36.3%
First name begins with IIlyn Payne
35.2%
First name begins with IIllyrio Mopatis
35.1%
First name begins with YYoren
34.1%
First name begins with HHot Pie
32.6%
First name begins with NNymeria Sand
31.9%
First name begins with IIrri
31.3%
First name begins with NOld Nan
30.2%
First name begins with CCraster
26.5%
First name begins with QQhorin Halfhand
25.5%
First name begins with WWyman Manderly
23.7%
First name begins with HHizdahr zo Loraq
23.2%
First name begins with OOsmund Kettleblack
18.6%
First name begins with FFalyse Stokeworth
15.6%
First name begins with YYezzan zo Qaggaz
11.5%
First name begins with KKraznys mo Nakloz
11.2%
First name begins with U, X, ZZollo
11.2%
First name begins with NNestor Royce
10.7%
First name begins with U, X, ZUrrigon Greyjoy
7.8%
First name begins with FFlorian
7.7%
First name begins with FFranklyn Flowers
5.5%
First name begins with KMaester Kedry
3.9%

You're not logged in!

Compare scores with friends on all Sporcle quizzes.
Join for Free
OR
Log In

You Might Also Like...

Show Comments

Extras

Top Quizzes Today


Score Distribution

Your Account Isn't Verified!

In order to create a playlist on Sporcle, you need to verify the email address you used during registration. Go to your Sporcle Settings to finish the process.

Report this User

Report this user for behavior that violates our Community Guidelines.

Details: